[Event "JAM-ch"]
[Site "Kingston"]
[Date "2018.02.13"]
[Round "9"]
[White "Brooks, Paul"]
[Black "Brown, Akeem"]
[Result "1-0"]
[WhiteElo "1958"]
[BlackElo "1956"]
[PlyCount "81"]
[EventDate "2018.02.02"]
[EventType "tourn"]
[EventRounds "11"]
[EventCountry "JAM"]
[SourceTitle "CBM 183 Extra"]
[Source "ChessBase"]
[SourceDate "2018.04.19"]
[SourceVersion "1"]
[SourceVersionDate "2018.04.19"]
[SourceQuality "1"]

1. d4 Nf6 2. Bf4 g6 3. Nc3 d5 4. e3 Bg7 5. h4 c6 6. Qd2 Nbd7 7. Nf3 0-0 8. 0-0-0 b5 9. Ne5 Qb6 10. f3 a5 11. e4 Rd8 12. Nxd7 Rxd7 13. e5 Ne8 14. h5 Nc7 15. hxg6 fxg6 16. Bh6 e6 17. Qg5 Ba6 18. Rd2 Qb8 19. Nd1 Qd8 20. Nf2 Bxh6 21. Qxh6 Qf8 22. Ng4 Ne8 23. Qh3 Re7 24. Bd3 Qg7 25. Nh6+ Kh8 26. g4 b4 27. Bxa6 Rxa6 28. g5 c5 29. Ng4 Rc7 30. dxc5 Rxc5 31. Rdh2 Ra7 32. Qg3 Qf8 33. Nf6 Nxf6 34. gxf6 Qf7 35. Rxh7+ Qxh7 36. Rxh7+ Kxh7 37. Qh3+ Kg8 38. Qxe6+ Kh7 39. f7 Ra8 40. f8Q Rxf8 41. Qe7+ 1-0

[Event "JAM-ch 49th"]
[Site "Kingston"]
[Date "2017.01.14"]
[Round "3"]
[White "Brown, Akeem"]
[Black "Lungrin, Rashade"]
[Result "1-0"]
[WhiteElo "1961"]
[BlackElo "1823"]
[PlyCount "43"]
[EventDate "2017.01.07"]
[EventType "tourn"]
[EventRounds "11"]
[EventCountry "JAM"]
[SourceTitle "EXT 2020"]
[Source "ChessBase"]
[SourceDate "2019.10.17"]
[SourceVersion "1"]
[SourceVersionDate "2019.10.17"]
[SourceQuality "1"]

1. d4 Nf6 2. c4 g6 3. d5 d6 4. Nc3 Bg7 5. e4 e5 6. Nge2 0-0 7. Ng3 Nbd7 8. Be2 a5 9. a4 h5 10. Bg5 Qe8 11. Nb5 Qd8 12. Bxh5 gxh5 13. Nxh5 c6 14. Nxd6 Qb6 15. Nxg7 Kxg7 16. Qd2 Ng8 17. Nf5+ Kh7 18. Be7 f6 19. Qe2 Nxe7 20. Qh5+ Kg8 21. Qg4+ Kf7 22. Qg7+ 1-0

[Event "JAM-ch U20 playoff"]
[Site "Kingston"]
[Date "2016.04.17"]
[Round "4"]
[White "Brown, Akeem"]
[Black "Smith, Shreyas"]
[Result "0-1"]
[WhiteElo "1772"]
[BlackElo "2133"]
[PlyCount "84"]
[EventDate "2016.04.16"]
[EventType "match"]
[EventRounds "4"]
[EventCountry "JAM"]
[SourceTitle "EXT 2018"]
[Source "ChessBase"]
[SourceDate "2017.10.13"]
[SourceVersion "1"]
[SourceVersionDate "2017.10.13"]
[SourceQuality "1"]

1. d4 Nf6 2. c4 c5 3. d5 e6 4. Nc3 exd5 5. cxd5 d6 6. e4 g6 7. Bd3 Bg7 8. Nge2 0-0 9. 0-0 a6 10. a4 Re8 11. Qc2 Nbd7 12. f4 Rb8 13. Ng3 h5 14. f5 h4 15. Nh1 Ng4 16. fxg6 Bd4+ 17. Nf2 Bxf2+ 18. Rxf2 Nxf2 19. gxf7+ Kxf7 20. Qxf2+ Qf6 21. Bf4 Ne5 22. Qd2 Nxd3 23. Qxd3 Qd4+ 24. Qxd4 cxd4 25. Bxd6 Ra8 26. Rf1+ Kg6 27. Ne2 Rxe4 28. Nf4+ Kh6 29. Bf8+ Kh7 30. Nh5 Re5 31. Nf6+ Kh8 32. d6 Rf5 33. Be7 Rxf1+ 34. Kxf1 d3 35. Ke1 Kg7 36. Nh5+ Kf7 37. Bxh4 Bf5 38. Nf4 Rh8 39. Bg3 Rc8 40. Nd5 Rc1+ 41. Kf2 d2 42. Ne3 Re1 0-1